Africa to 1875 : a modern history

Αποθηκεύτηκε σε:
Λεπτομέρειες βιβλιογραφικής εγγραφής
Κύριος συγγραφέας: Hallett, Robin
Μορφή: Βιβλίο
Γλώσσα:English
Δημοσίευση: Ann Arbor : The University of Michigan Press, 1970.
Σειρά:The University of Michigan history of the modern world
Θέματα:
Ετικέτες: Προσθήκη ετικέτας
Δεν υπάρχουν, Καταχωρήστε ετικέτα πρώτοι!

MARC

LEADER 00000cam a2200000 a 4500
001 1/110071
008 160225s1970####miu|||||||||||||| ||eng||
040 |a GR-MyUa  |b gre  |c GR-MyUa  |e AACR2 
041 0 |a eng 
082 7 |a 960.2   |2 (23)  
100 1 |a Hallett, Robin. 
245 1 0 |a Africa to 1875 :   |b a modern history /   |c Robin Hallett.  
260 |a Ann Arbor :   |b The University of Michigan Press,   |c 1970.  
300 |a  xii, 483 σ. :   |b εικ., χάρτες,   |c 23 εκ.  
490 1 |a (The University of Michigan history of the modern world)  
504 |a Περιέχει βιβλιογραφία.  
651 0 |a Africa  |x History  |y To 1884. 
830 0 |a The University of Michigan history of the modern world 
852 |a INST  |b LESVOS  |e 20160225  |h 960.2 HAL  |p 005100057320  |q 005100057320  |t BK  |y 0 
970 |a Καμάτσου  |b Δέσποινα  |z 25-02-16